Statistiques concernant Universités Publiques en France

Cliquez ici pour prendre le quiz!

Statistiques générales

  • Ce quiz a été pris 91 fois
    (90 depuis la dernière actualisation)
  • Le résultat moyen est 30 sur 68

Statistiques - réponses

RéponseNombre d'étudiants% Correct
Université d'Aix-Marseille66 000
85%
Université de Bordeaux47 000
85%
Université de Lille72 000
83%
Université de Strasbourg50 000
83%
Université de Toulouse - Jean Jaurès (Toulouse II)28 000
83%
Université de Montpellier49 000
74%
Sorbonne Université45 000
72%
Université de Nantes42 000
72%
Université Grenoble-Alpes54 000
72%
Université Jean Monnet - Saint-Etienne17 000
72%
Université de Bretagne Occidentale21 000
70%
Université de Caen-Normandie29 000
69%
Université de Rouen-Normandie30 000
69%
Université Paris I - Panthéon-Sorbonne42 000
69%
Université de Paris-Panthéon-Assas19 000
67%
Université Lumière - Lyon II27 000
67%
Université de Reims-Champagne-Ardenne24 000
65%
Université de Bourgogne28 000
63%
Université de Paris VIII Vincennes - Saint-Denis23 000
62%
Université de Tours26 000
62%
Université de Paris Nanterre (Paris X)32 000
60%
Université Jean Moulin - Lyon III25 000
59%
Université Clermont-Auvergne39 000
58%
Université de Pau et des Pays de l'Adour13 000
57%
UPEC Paris - Créteil - Val-de-Marne (Paris XII)31 000
54%
Sorbonne Nouvelle (Paris III)
16 000
52%
Université Claude Bernard - Lyon I36 000
52%
Université de Franche-Comté21 000
52%
Université de Poitiers27 000
52%
Université de Perpignan Via Domitia9 000
51%
Université de Picardie - Jules Verne27 000
51%
Université de Toulon11 000
51%
Université du Havre7 000
51%
Université de Nîmes5 000
48%
Le Mans Université10 000
47%
Université de Limoges17 000
47%
Université de Rennes II22 000
42%
Université Paris-Saclay45 000
42%
Université de La Rochelle8 000
41%
Université de Rennes I26 000
41%
Université Savoie Mont Blanc14 000
41%
Université Sorbonne Paris Nord (Paris XIII)23 000
35%
Université de Haute-Alsace10 000
33%
Université de Lorraine62 000
33%
Avignon Université7 000
31%
Université de Corse-Pascal-Paoli4 000
31%
Cergy Paris Université25 000
30%
Université de Toulouse I Capitole21 000
27%
Université de Toulouse III - Paul Sabatier29 000
26%
Université Polytechnique des Hauts-de-France12 000
22%
Université d'Évry-Val-d'Essone7 000
19%
Université Paris-Cité52 000
19%
Université de Guyane3 000
17%
Université de Versailles - Saint-Quentin-en-Yvelines13 000
17%
Université Paul Valéry - Montpellier III22 000
16%
Université Bordeaux-Montaigne (Bordeaux III)16 000
15%
Université des Antilles11 000
12%
Université d'Artois13 000
11%
Université de Bretagne-Sud9 000
11%
Université Paris Sciences Lettres (PSL)18 000
11%
Université de la Polynésie française3 000
10%
Université d'Angers25 000
9%
Université du Littoral-Côte-d'Opale10 000
9%
Université de La Réunion16 000
7%
Université de la Nouvelle-Calédonie3 000
6%
Université Gustave Eiffel16 000
6%
Université Côte d'Azur31 000
4%
Université d'Orléans18 000
4%

Distribution des résultats

Percentile par nombre de réponses

% des personnes avec chaque résultat

Votre développement - résultats

Vous n’avez pas pris ce quiz depuis la dernière actualisation